| 000 | 00504nam a2200157 i 4500 | ||
|---|---|---|---|
| 001 | 91432 | ||
| 003 | ES-MaACL | ||
| 005 | 20230906180724.0 | ||
| 007 | t| | ||
| 008 | 050131s1919 fr ||||1| fre d | ||
| 100 | 1 |
_aLevy-Salvador, Paul. _972017 |
|
| 245 | 1 | 3 |
_aLe role de l'utilisation des chutes d'eau dans l'extension de l'activite industrielle et agricole / _cPaul Levy-Salvador. |
| 260 |
_a[S.l. : _bs.n., _c1919] ( _eEvreux : _fHérissey) |
||
| 300 |
_a111 p. ; _c25 cm. |
||
| 852 |
_aES-MaACL _jF-515 |
||
| 999 |
_c91432 _d91432 |
||